| 000 | 00000nam##2200000za#4500 |
| 001 | 9.572037 |
| 003 | CaOODSP |
| 005 | 20250129103331 |
| 007 | cr ||||||||||| |
| 008 | 150406|2007||||xxc|||||o f|0| 0 eng|d |
| 040 | |aCaOODSP|beng |
| 043 | |an-cn--- |
| 086 | 1 |aEn57-41/9-2007E-PDF |
| 110 | 2 |aMeteorological Service of Canada. |
| 245 | 10|aChanging weather patterns, uncertainty and infrastructure risks : |h[electronic resource]|bemerging adaptation requirements / |cby Heather Auld, Don MacIver. |
| 260 | |aToronto - Ontario : |bEnvironment Canada. |c2007. |
| 300 | |a24p.|bfigs. (some coloured), references, tables |
| 490 | 1 |aOccasional paper|v9 |
| 590 | |a11-31-Supp|b2011-12-13 |
| 720 | 1 |aMacIver, Don |
| 720 | 1 |aAuld, Heather |
| 830 | #0|aOccasional paper (Canada. Industry Canada)|v9|w(CaOODSP)9.506650 |
| 856 | 40|ahttp://publications.gc.ca|qPDF|s382 KB|uhttps://publications.gc.ca/collections/collection_2011/ec/En57-41-9-2007-eng.pdf|y9 |